Quizzes
Events
Quiz Creation
Community
Videos
Private Events
Remove Ads
Sign In
Join for FREE
Feedback
Dark Mode
Quiz Categories
Sports
Geography
Music
Movies
Television
Just For Fun
Miscellaneous
History
Literature
Language
Science
Gaming
Entertainment
Religion
Holiday
For Kids
Quiz Lab
Recent
Popular Today
Quiz Kudos Today
Editor Picks
Curator Picks
Quizzes by...
Day
Popularity
Type
Ratings
Length
Year
Community
Subscriptions
Recent Discussions
Orange Saloon
Badges
Playlists
Quests
Create
Leaderboards
Showdown
Live 5
Trivia Bingo
Activity
Puzzle Library
Sporcle Events
Private Events
Virtual Trivia
Globe League
Become a Host
Pub Owners
SporcleCon
Opinionation
Our Games
Videos
Blog
Mobile Apps
Partnerships
Remove Ads and Go Orange
Feedback
Sports
Athletes
MLB
NBA
NHL
NFL
Soccer
Sports Teams
WWE
NCAA
Football
Premier League
Basketball
Baseball
Hockey
Golf
Tennis
Cricket
Rugby
Auto Racing
Olympics
World Cup
Sports
Athletes
MLB
NBA
NHL
NFL
Soccer
Sports Teams
WWE
NCAA
Football
Premier League
Basketball
Baseball
Hockey
Golf
Tennis
Cricket
Rugby
Auto Racing
Olympics
World Cup
Random Quiz
Search Sporcle
×
Quiz Lab
Quiz Lab
Sports
AFL
Type in answers that appear in a list
Type in answers that appear in a list
Classic
Best Score? Go Orange.
AFL QUALIFYING FINAL SQUADS 1996 Stats
Can you name the AFL QUALIFYING FINAL SQUADS 1996?
By
stmookeyj
10m
168 Questions
83 Plays
83 Plays
83 Plays
Comments
Comments
Give Quiz Kudos
Give Quiz Kudos
-
- Ratings
hide this ad
More Info
Replay
Link that replays current quiz
Next Quiz
Link to next quiz in quiz playlist
You Got
0%
They Got
Avg Score
58%
Avg Friend Score
Upgrade to see
Score Distribution
Jump to the score distribution portion of the page
Score
0/168
Timer
10:00
0
Plays Today
CLUB (Opponent)
PLAYER
% Correct
ESSENDON (lost Brisbane)
James HIRD
95.2%
BRISBANE (def Essendon)
Michael VOSS
94%
ESSENDON (lost Brisbane)
Matthew LLOYD
89.2%
ESSENDON (lost Brisbane)
Mark MERCURI
86.7%
CARLTON (lost West Coast)
Stephen KERNAHAN
86.7%
BRISBANE (def Essendon)
Darryl WHITE
85.5%
WEST COAST (def Carlton)
Mitchell WHITE
85.5%
BRISBANE (def Essendon)
Alastair LYNCH
83.1%
BRISBANE (def Essendon)
Tristan LYNCH
83.1%
WEST COAST (def Carlton)
Peter MATERA
83.1%
WEST COAST (def Carlton)
Dean KEMP
81.9%
WEST COAST (def Carlton)
Peter SUMICH
81.9%
CARLTON (lost West Coast)
Stephen SILVAGNI
81.9%
CARLTON (lost West Coast)
Ang CHRISTOU
81.9%
BRISBANE (def Essendon)
Nigel LAPPIN
80.7%
ESSENDON (lost Brisbane)
Mark HARVEY
80.7%
WEST COAST (def Carlton)
Brett HEADY
80.7%
SYDNEY (def Hawthorn)
Dale LEWIS
80.7%
NORTH MELBOURNE (def Geelong)
Wayne CAREY
80.7%
BRISBANE (def Essendon)
Chris SCOTT
79.5%
BRISBANE (def Essendon)
Dion SCOTT
79.5%
WEST COAST (def Carlton)
Chris MAINWARING
79.5%
WEST COAST (def Carlton)
Guy McKENNA
79.5%
CARLTON (lost West Coast)
Fraser BROWN
79.5%
SYDNEY (def Hawthorn)
Paul KELLY
79.5%
NORTH MELBOURNE (def Geelong)
Robert SCOTT
79.5%
BRISBANE (def Essendon)
Adrian FLETCHER
78.3%
BRISBANE (def Essendon)
Shaun HART
78.3%
ESSENDON (lost Brisbane)
Darren BEWICK
78.3%
ESSENDON (lost Brisbane)
Scott LUCAS
78.3%
ESSENDON (lost Brisbane)
Dustin FLETCHER
78.3%
CARLTON (lost West Coast)
Brett RATTEN
78.3%
WEST COAST (def Carlton)
David HART
77.1%
SYDNEY (def Hawthorn)
Andrew DUNKLEY
77.1%
SYDNEY (def Hawthorn)
Michael O'LOUGHLIN
77.1%
CARLTON (lost West Coast)
Andrew McKAY
75.9%
BRISBANE (def Essendon)
Jason AKERMANIS
74.7%
GEELONG (lost North Melb)
Gary ABLETT
74.7%
BRISBANE (def Essendon)
Richard CHAMPION
73.5%
BRISBANE (def Essendon)
Justin LEPPITSCH
73.5%
ESSENDON (lost Brisbane)
Steven ALESSIO
73.5%
CARLTON (lost West Coast)
Justin MADDEN
73.5%
SYDNEY (def Hawthorn)
Shannon GRANT
73.5%
HAWTHORN (lost Sydney)
Shane CRAWFORD
73.5%
NORTH MELBOURNE (def Geelong)
David KING
73.5%
GEELONG (lost North Melb)
Steven KING
73.5%
WEST COAST (def Carlton)
Ashley McINTOSH
72.3%
SYDNEY (def Hawthorn)
Justin CRAWFORD
72.3%
HAWTHORN (lost Sydney)
Jason DUNSTALL
72.3%
NORTH MELBOURNE (def Geelong)
Mick MARTYN
72.3%
NORTH MELBOURNE (def Geelong)
Glenn ARCHER
72.3%
BRISBANE (def Essendon)
Marcus ASHCROFT
71.1%
CARLTON (lost West Coast)
Mil HANNA
71.1%
CARLTON (lost West Coast)
Craig BRADLEY
71.1%
SYDNEY (def Hawthorn)
Daryn CRESSWELL
71.1%
NORTH MELBOURNE (def Geelong)
Wayne SCHWASS
71.1%
CLUB (Opponent)
PLAYER
% Correct
NORTH MELBOURNE (def Geelong)
Anthony STEVENS
71.1%
BRISBANE (def Essendon)
Roger MERRETT
69.9%
ESSENDON (lost Brisbane)
Gavin WANGANEEN
69.9%
ESSENDON (lost Brisbane)
Gary O'DONNELL
69.9%
WEST COAST (def Carlton)
Ryan TURNBULL
69.9%
NORTH MELBOURNE (def Geelong)
Corey McKERNAN
69.9%
WEST COAST (def Carlton)
Drew BANFIELD
68.7%
CARLTON (lost West Coast)
Anthony KOUTOUFIDES
68.7%
WEST COAST (def Carlton)
Ben COUSINS
67.5%
CARLTON (lost West Coast)
Earl SPALDING
67.5%
CARLTON (lost West Coast)
Peter DEAN
67.5%
NORTH MELBOURNE (def Geelong)
Craig SHOLL
67.5%
GEELONG (lost North Melb)
Brad SHOLL
67.5%
CARLTON (lost West Coast)
Scott CAMPOREALE
66.3%
CARLTON (lost West Coast)
Matthew ALLAN
66.3%
SYDNEY (def Hawthorn)
Stuart MAXFIELD
66.3%
SYDNEY (def Hawthorn)
Greg STAFFORD
66.3%
HAWTHORN (lost Sydney)
Paul SALMON
66.3%
HAWTHORN (lost Sydney)
John PLATTEN
66.3%
NORTH MELBOURNE (def Geelong)
Peter BELL
66.3%
NORTH MELBOURNE (def Geelong)
Anthony ROCK
65.1%
NORTH MELBOURNE (def Geelong)
Adam SIMPSON
65.1%
GEELONG (lost North Melb)
Sean SIMPSON
65.1%
ESSENDON (lost Brisbane)
Peter SOMERVILLE
63.9%
SYDNEY (def Hawthorn)
Craig O'BRIEN
63.9%
SYDNEY (def Hawthorn)
Jason MOONEY
63.9%
GEELONG (lost North Melb)
Paul COUCH
63.9%
ESSENDON (lost Brisbane)
Paul BARNARD
62.7%
ESSENDON (lost Brisbane)
Ricky OLARENSHAW
62.7%
SYDNEY (def Hawthorn)
Paul ROOS
62.7%
SYDNEY (def Hawthorn)
Troy LUFF
62.7%
BRISBANE (def Essendon)
Craig McRAE
61.4%
GEELONG (lost North Melb)
Garry HOCKING
61.4%
ESSENDON (lost Brisbane)
Sean DENHAM
60.2%
ESSENDON (lost Brisbane)
Justin BLUMFIELD
59%
WEST COAST (def Carlton)
Chris WATERMAN
59%
ESSENDON (lost Brisbane)
Che COCKATOO-COLLINS
57.8%
ESSENDON (lost Brisbane)
Dean WALLIS
57.8%
NORTH MELBOURNE (def Geelong)
Mark ROBERTS
56.6%
GEELONG (lost North Melb)
Leigh COLBERT
56.6%
SYDNEY (def Hawthorn)
Brad SEYMOUR
55.4%
HAWTHORN (lost Sydney)
Mark GRAHAM
55.4%
NORTH MELBOURNE (def Geelong)
Stuart ANDERSON
55.4%
NORTH MELBOURNE (def Geelong)
Matthew CAPUANO
55.4%
NORTH MELBOURNE (def Geelong)
Brett ALLISON
55.4%
ESSENDON (lost Brisbane)
David CALTHORPE
54.2%
ESSENDON (lost Brisbane)
Damien HARDWICK
54.2%
CARLTON (lost West Coast)
Glenn MANTON
54.2%
NORTH MELBOURNE (def Geelong)
Glenn FREEBORN
54.2%
NORTH MELBOURNE (def Geelong)
Darren CROCKER
54.2%
GEELONG (lost North Melb)
Barry STONEHAM
54.2%
BRISBANE (def Essendon)
Matthew CLARKE
53%
BRISBANE (def Essendon)
Matthew KENNEDY
53%
ESSENDON (lost Brisbane)
Barry YOUNG
53%
HAWTHORN (lost Sydney)
Chris LANGFORD
53%
NORTH MELBOURNE (def Geelong)
Ian FAIRLEY
53%
CLUB (Opponent)
PLAYER
% Correct
NORTH MELBOURNE (def Geelong)
Dean LAIDLEY
53%
NORTH MELBOURNE (def Geelong)
John BLAKEY
53%
GEELONG (lost North Melb)
John BARNES
53%
WEST COAST (def Carlton)
Fraser GEHRIG
51.8%
CARLTON (lost West Coast)
Adrian WHITEHEAD
51.8%
SYDNEY (def Hawthorn)
Mark BAYES
50.6%
GEELONG (lost North Melb)
Peter RICCARDI
50.6%
BRISBANE (def Essendon)
Craig LAMBERT
49.4%
WEST COAST (def Carlton)
Chad MORRISON
49.4%
SYDNEY (def Hawthorn)
Derek KICKETT
49.4%
SYDNEY (def Hawthorn)
Adam HEUSKES
49.4%
HAWTHORN (lost Sydney)
Nick HOLLAND
49.4%
GEELONG (lost North Melb)
Michael MANSFIELD
49.4%
GEELONG (lost North Melb)
David MENSCH
49.4%
GEELONG (lost North Melb)
Tim McGRATH
47%
BRISBANE (def Essendon)
Danny DICKFOS
44.6%
CARLTON (lost West Coast)
Matt CLAPE
44.6%
SYDNEY (def Hawthorn)
Kevin DYSON
44.6%
BRISBANE (def Essendon)
Andrew GOWERS
43.4%
ESSENDON (lost Brisbane)
Ben DOOLAN
43.4%
WEST COAST (def Carlton)
Tony EVANS
43.4%
HAWTHORN (lost Sydney)
Ray JENCKE
41%
CARLTON (lost West Coast)
Adrian HICKMOTT
39.8%
HAWTHORN (lost Sydney)
Tony WOODS
39.8%
CARLTON (lost West Coast)
Justin MURPHY
37.3%
SYDNEY (def Hawthorn)
Daniel McPHERSON
37.3%
GEELONG (lost North Melb)
Ronnie BURNS
37.3%
GEELONG (lost North Melb)
Derek HALL
37.3%
BRISBANE (def Essendon)
Michael McLEAN
34.9%
WEST COAST (def Carlton)
Andrew DONNELLY
34.9%
HAWTHORN (lost Sydney)
Richard TAYLOR
34.9%
HAWTHORN (lost Sydney)
Daniel HARFORD
34.9%
HAWTHORN (lost Sydney)
Darrin PRITCHARD
34.9%
GEELONG (lost North Melb)
Steven HANDLEY
34.9%
WEST COAST (def Carlton)
Daniel METROPOLIS
33.7%
SYDNEY (def Hawthorn)
Simon GARLICK
33.7%
HAWTHORN (lost Sydney)
Stephen LAWRENCE
33.7%
GEELONG (lost North Melb)
Brenton SANDERSON
33.7%
HAWTHORN (lost Sydney)
Craig TRELEVEN
32.5%
HAWTHORN (lost Sydney)
Anthony CONDON
30.1%
HAWTHORN (lost Sydney)
Daniel CHICK
28.9%
WEST COAST (def Carlton)
Jarrad SCHOFIELD
27.7%
GEELONG (lost North Melb)
Grant TANNER
26.5%
CARLTON (lost West Coast)
Ron DE IULIO
25.3%
SYDNEY (def Hawthorn)
Simon ARNOTT
25.3%
HAWTHORN (lost Sydney)
Luke McCABE
25.3%
HAWTHORN (lost Sydney)
Darren KAPPLER
22.9%
HAWTHORN (lost Sydney)
Simon MINTON-CONNELL
20.5%
HAWTHORN (lost Sydney)
Brendan KRUMMEL
19.3%
GEELONG (lost North Melb)
Shayne BREUER
19.3%
CARLTON (lost West Coast)
Brent HEAVER
18.1%
GEELONG (lost North Melb)
Carl STEINFORT
18.1%
WEST COAST (def Carlton)
Ian DOWNSBOROUGH
16.9%
GEELONG (lost North Melb)
Martin McKINNON
15.7%
WEST COAST (def Carlton)
Andy LOVELL
14.5%
HAWTHORN (lost Sydney)
Tim HARGRAVES
10.8%
Quiz Playlist
Details
Report
Send in Message
Add To Playlist
More Info:
Squads for the 1996 AFL Qualifying Final weekend.
Classic:
Type in answers that appear in a list
Quiz Source
Last Updated: Feb 16, 2017
Quiz Scoreboard
CHALLENGE
Sign Up to Join the Scoreboard
Show All
Scores
Hide
Comments
May contain spoilers
Recently Published
Presidents Visiting Landmarks
by Hejman
History
7m
An Introduction to Baseball
by treessimontrees
Sports
5m
Movies - When Are They Set?
by FPL_Elf
Movies
5m
More to Explore
Quiz From the Vault
Featured Blog Post
Where Did the Easter Bunny Come From?
hide this ad
You Might Also Like...
Tags
1996
AFL
club
final
opponent
Player
Qualifying
Squad
Today's Top Quizzes in Sports
Browse Sports
hide this ad
Today's Top Quizzes in AFL
Browse AFL
Top Contributed Quizzes in Sports
1
Les meilleurs buteurs des matchs entre le PSG et l’OM
2
2022 World Cup Stars
3
FIFA Club World Cup Champions
4
Les entraîneurs de l'OM et du PSG au 21e siècle
5
Name the Premier League winners with different clubs
6
La finale Lions - Afrique du Sud 2021
7
5-to-1: UK Sports Teams
8
England Test cricketers to play under Nasser Hussain
9
Players with Multiple 50 Home Run Seasons
10
AFC Teams Reveal (Wrong Answers Minefield)
Explore More
Trending Topics
Harry Potter
Crossword
Anime
Marvel
NBA
Kpop
Disney
Country
Song
The Office
Pokémon
WWE
Soccer
Puzzle
NFL
hide this ad
More By:
stmookeyj
Quiz
Plays
Rating
Category
Featured
Created
CRICKET: ASHES PLAYERS (2000-2009)
8,132
4.68
Sports
Nov 22, 2010
Australian Test Cricketers (2000's)
5,298
4.25
Sports
Dec 1, 2009
FIRST TEST XI's IN AUSTRALIA (CRICKET) 2000/01-2012/13
3,416
5.00
Sports
Oct 30, 2013
NEW ZEALAND TEST CRICKETERS (2000's)
2,948
4.38
Sports
Jan 27, 2010
1992 CRICKET WORLD CUP SQUADS
2,505
4.37
Sports
Feb 14, 2010
Go to Creator's Profile
Score Distribution
Quiz Creator Spotlight
stmookeyj
Follow
Send a Message
Quizzes Created
-
Created Quiz Play Count
-
More By This Creator
Popular Quizzes Today
1
Find the US States - No Outlines Minefield
2
Find the Countries of Europe - No Outlines Minefield
3
The Countries of the World
4
Find the US States
5
Popular People in 1961
6
US States
7
Risky Map Clicking: Biggest States A-Z
8
1-10 Letter E Words III
More Sports Quizzes
Star Foursomes: NFL
Curator's Pick
Trending Quizzes
Risky Map Clicking: Least Populous States A-Z
1-10 Letter G Words
1-10 Letter F Words
One Thing in Common: United Kingdom
Risky Map Clicking: Next State Alphabetically
Recently Updated
Leaping Animals
pecheneg
Reality TV Shows (A-Z)
bhenderson79
Rickey Henderson's Hall of Fame Teammates
pecheneg
Champions League XIs: Arsenal
pecheneg
Quick Pick: Celebrities in WWE's Hall of Fame
aduchscher
A-Z Keypad Blitz II
pecheneg
Multiple Oscar Actors
pecheneg
Mystery Phrase Blitz: Oscar 'Best Actors'
pecheneg
F. Scott Fitzgerald Novels
LTH
Pick 3 Villains
ddd62291
Trending Topics
NBA
Marvel
Kpop
Harry Potter
Crossword
Disney
Anime
Soccer
Puzzle
Pokémon
Song
NFL
The Office
Country
WWE
Your Account Isn't Verified!
In order to create a playlist on Sporcle, you need to verify the email address you used during registration. Go to your
Sporcle Settings
to finish the process.
Report this User
Report this user for behavior that violates our
Community Guidelines
.
Details:
Send Report
Go to the Sporcle.com Mobile Site →
Comments